000 00571nam a2200193Ia 4500
005 20260120131530.0
008 008 260114s9999 xx 000 0 eng d
020 _a9780197563113
037 _aEBOOK
040 _aCRL
_beng
_cCRL
041 _aeng
_2eng
084 _qCRL
100 _aRaff, Komanduri, Hagan, Bukkapatnam
_9928109
245 0 _aNeural Networks in Chemical Reaction Dynamics
260 _bOxford University PressOxford University Press
_c2020
856 _uhttps://academic.oup.com/book/40802
942 _cEBOOK
999 _c1520028
_d1520028